UBT Library

The world is flat : (Record no. 44291)

000 -LEADER
fixed length control field 00778cam a22002294a 4500
001 - CONTROL NUMBER
control field 13806789
005 - DATE AND TIME OF LATEST TRANSACTION
control field 20180307070946.0
008 - FIXED-LENGTH DATA ELEMENTS--GENERAL INFORMATION
fixed length control field 041204s2005 nyu 001 0 eng
010 ## - LIBRARY OF CONGRESS CONTROL NUMBER
LC control number 2004028685
020 ## - INTERNATIONAL STANDARD BOOK NUMBER
International Standard Book Number 0374292884 (hardcover : alk. paper)
040 ## - CATALOGING SOURCE
Original cataloging agency DLC
Transcribing agency DLC
Modifying agency DLC
041 ## - LANGUAGE CODE
Language code of text/sound track or separate title eng
042 ## - AUTHENTICATION CODE
Authentication code pcc
080 ## - UNIVERSAL DECIMAL CLASSIFICATION NUMBER
Universal Decimal Classification number 330.90511 tho
082 00 - DEWEY DECIMAL CLASSIFICATION NUMBER
Classification number 330.90511 tho
Edition number 22
100 1# - Rafti
Rafti 136
101 ## - Shkurtesa
Shkurtesa his
245 14 - TITLE STATEMENT
Title The world is flat :
Statement of responsibility, etc Thomas L. Friedman.
906 ## - LOCAL DATA ELEMENT F, LDF (RLIN)
a 7
b cbc
c orignew
d 1
e ecip
f 20
g y-gencatlg
942 ## - ADDED ENTRY ELEMENTS (KOHA)
Source of classification or shelving scheme
Item type Books
Holdings
Withdrawn status Lost status Source of classification or shelving scheme Damaged status Not for loan Collection code Permanent location Current location Shelving location Date acquired Total Checkouts Full call number Barcode Date last seen Price effective from Koha item type
          Koleksioni i përgjithshem UBT - Lipjan UBT - Lipjan Koleksioni i përgjithshem 03/07/2018   330.90511 tho 002-3001017 03/07/2018 03/07/2018 Books
UBT Library © 2015-2024. All rights reserved University Education for Business and Technology